[Event "46th GRE-chT Premier 2018"]
[Site "Rio Achaia"]
[Date "2018.07.11"]
[Round "2"]
[White "Zimina, Olga"]
[Black "Cornette, Deimante"]
[Result "1-0"]
[WhiteElo "2411"]
[BlackElo "2470"]
[Annotator "ChessBase"]
[PlyCount "89"]
[EventDate "2018.07.10"]
[EventType "team-tourn"]
[EventCountry "GRE"]
[SourceTitle "playchess.com"]
[Source "ChessBase"]
[SourceQuality "1"]
[TimeControl "40/5400+30:1800+30"]

1. c4 {[%emt 0:01:44]} e5 {[%emt 0:00:22]} 2. Nc3 {[%emt 0:00:08]} Nf6 {[%emt 0:00:14]} 3. Nf3 {[%emt 0:00:30]} Nc6 {[%emt 0:00:23]} 4. g3 {[%emt 0:00:06]} g6 {[%emt 0:10:22]} 5. Bg2 {[%emt 0:00:13]} Bg7 {[%emt 0:00:10]} 6. O-O {[%emt 0:00:07]} O-O {[%emt 0:00:14]} 7. d3 {[%emt 0:05:49]} d6 {[%emt 0:00:53]} 8. Rb1 {[%emt 0:00:09]} a5 {[%emt 0:01:59]} 9. a3 {[%emt 0:00:31]} Bf5 {[%emt 0:01:22]} 10. e4 {[%emt 0:03:29]} Bg4 {[%emt 0:10:37]} 11. h3 {[%emt 0:03:44]} Bxf3 {[%emt 0:00:28]} 12. Bxf3 {[%emt 0:02:49]} Nd7 {[%emt 0:04:51]} 13. Bg2 {[%emt 0:03:41]} Nc5 {[%emt 0:01:56]} 14. Be3 {[%emt 0:12:47]} Ne6 {[%emt 0:04:10]} 15. f4 {[%emt 0:10:45]} exf4 {[%emt 0:13:32]} 16. gxf4 {[%emt 0:00:14]} Ned4 {[%emt 0:00:24]} 17. Qd2 {[%emt 0:11:23]} f5 {[%emt 0:13:59]} 18. Qf2 {[%emt 0:07:56]} a4 {[%emt 0:10:03]} 19. Nb5 {[%emt 0:03:52]} Nxb5 {[%emt 0:03:16]} 20. cxb5 {[%emt 0:00:04]} Ne7 {[%emt 0:00:34]} 21. Bd4 {[%emt 0:05:22]} c5 {[%emt 0:04:36]} 22. bxc6 {[%emt 0:15:44]} bxc6 {[%emt 0:00:06]} 23. Bxg7 {[%emt 0:00:58]} Kxg7 {[%emt 0:00:05]} 24. Qd4+ {[%emt 0:00:13]} Kh6 {[%emt 0:00:58]} 25. b4 {[%emt 0:02:28]} Rb8 {[%emt 0:03:21]} 26. Kh1 {[%emt 0:01:22]} Qc7 {[%emt 0:04:35]} 27. Rbc1 {[%emt 0:00:45]} Rb5 {[%emt 0:00:42]} 28. Qc4 {[%emt 0:01:30]} Qd7 {[%emt 0:01:22]} 29. e5 {[%emt 0:01:01]} dxe5 {[%emt 0:04:10]} 30. fxe5 {[%emt 0:00:02]} Rd8 {[%emt 0:02:00]} 31. Qh4+ {[%emt 0:00:21]} Kg7 {[%emt 0:00:04]} 32. Qf6+ {[%emt 0:00:04]} Kg8 {[%emt 0:00:19]} 33. d4 {[%emt 0:04:04]} Nd5 {[%emt 0:03:16]} 34. Qxc6 {[%emt 0:00:21]} Qxc6 {[%emt 0:00:16]} 35. Rxc6 {[%emt 0:00:06]} Ne3 {[%emt 0:00:13]} 36. Re1 {[%emt 0:01:39]} Nxg2 {[%emt 0:00:09]} 37. Kxg2 {[%emt 0:00:04]} Rxd4 {[%emt 0:00:15]} 38. Rc8+ {[%emt 0:00:52]} Kf7 {[%emt 0:01:11]} 39. e6+ {[%emt 0:00:10]} Ke7 {[%emt 0:00:04]} 40. Rc7+ {[%emt 0:00:00]} Ke8 {[%emt 0:00:00]} 41. Rxh7 {[%emt 0:02:26]} Rbd5 {[%emt 0:07:46]} 42. Rc1 {[%emt 0:04:44]} Rd8 {[%emt 0:10:44]} 43. Rcc7 {[%emt 0:01:42]} Rd2+ {[%emt 0:01:23]} 44. Kf3 {[%emt 0:00:27]} R8d3+ {[%emt 0:01:12]} 45. Kf4 {[%emt 0:00:09]} 1-0

[Event "46th GRE-chT Premier 2018"]
[Site "Rio Achaia"]
[Date "2018.07.11"]
[Round "2"]
[White "Maier, Christian"]
[Black "Hrisomalis, Theodoros"]
[Result "1-0"]
[WhiteElo "2378"]
[BlackElo "2163"]
[Annotator "ChessBase"]
[PlyCount "161"]
[EventDate "2018.07.10"]
[EventType "team-tourn"]
[EventCountry "GRE"]
[SourceTitle "playchess.com"]
[Source "ChessBase"]
[SourceQuality "1"]
[TimeControl "40/5400+30:1800+30"]

1. c4 {[%emt 0:00:18]} e5 {[%emt 0:02:51]} 2. g3 {[%emt 0:00:48]} Nf6 {[%emt 0:01:19]} 3. Bg2 {[%emt 0:00:08]} c6 {[%emt 0:00:16]} 4. Nf3 {[%emt 0:02:21]} e4 {[%emt 0:03:03]} 5. Nd4 {[%emt 0:01:23]} d5 {[%emt 0:00:05]} 6. cxd5 {[%emt 0:00:34]} cxd5 {[%emt 0:00:12]} 7. Nc3 {[%emt 0:02:36]} Nc6 {[%emt 0:15:52]} 8. Nxc6 {[%emt 0:01:44]} bxc6 {[%emt 0:00:31]} 9. d3 {[%emt 0:00:36]} exd3 {[%emt 0:05:08]} 10. Qxd3 {[%emt 0:00:18]} Be7 {[%emt 0:02:17]} 11. O-O {[%emt 0:01:42]} O-O {[%emt 0:00:32]} 12. Be3 {[%emt 0:05:37]} a5 {[%emt 0:05:28]} 13. Na4 {[%emt 0:02:54]} Re8 {[%emt 0:04:41]} 14. Qc2 {[%emt 0:02:33]} Rb8 {[%emt 0:04:17]} 15. Rfd1 {[%emt 0:02:25]} Bd7 {[%emt 0:06:49]} 16. Rac1 {[%emt 0:03:53]} Rb4 {[%emt 0:02:47]} 17. b3 {[%emt 0:01:19]} Rb5 {[%emt 0:05:05]} 18. Nc5 {[%emt 0:07:10]} Bg4 {[%emt 0:08:34]} 19. f3 {[%emt 0:07:33]} Bc8 {[%emt 0:01:59]} 20. Bf2 {[%emt 0:00:23]} Qc7 {[%emt 0:01:28]} 21. Bf1 {[%emt 0:01:00]} Rb8 {[%emt 0:01:24]} 22. Qd3 {[%emt 0:00:57]} Ra8 {[%emt 0:03:16]} 23. Rc3 {[%emt 0:06:57]} Nd7 {[%emt 0:06:51]} 24. Nxd7 {[%emt 0:08:00]} Qxd7 {[%emt 0:00:02]} 25. Qc2 {[%emt 0:00:25]} Bb7 {[%emt 0:00:50]} 26. Bc5 {[%emt 0:01:49]} Bf6 {[%emt 0:00:56]} 27. Bd4 {[%emt 0:01:14]} Be7 {[%emt 0:01:41]} 28. Bc5 {[%emt 0:03:30]} Bf6 {[%emt 0:00:06]} 29. Rcd3 {[%emt 0:06:47]} Ba6 {[%emt 0:04:42]} 30. Re3 {[%emt 0:03:44]} Rxe3 {[%emt 0:01:12]} 31. Bxe3 {[%emt 0:00:05]} Qe8 {[%emt 0:02:45]} 32. Kf2 {[%emt 0:01:01]} Bc8 {[%emt 0:00:47]} 33. Bd4 {[%emt 0:01:18]} Qe6 {[%emt 0:02:13]} 34. Qc3 {[%emt 0:01:20]} a4 {[%emt 0:01:57]} 35. bxa4 {[%emt 0:05:37]} Rxa4 {[%emt 0:00:21]} 36. Bxf6 {[%emt 0:00:06]} gxf6 {[%emt 0:01:21]} 37. Qb3 {[%emt 0:01:17]} Ra8 {[%emt 0:00:35]} 38. Rd2 {[%emt 0:05:09]} Ba6 {[%emt 0:02:19]} 39. a4 {[%emt 0:08:32]} Bc4 {[%emt 0:00:48]} 40. Qb4 {[%emt 0:00:00]} Re8 {[%emt 0:00:00]} 41. Qc5 {[%emt 0:01:47]} Qe7 {[%emt 0:07:11]} 42. Qxc6 {[%emt 0:02:11]} Qe3+ {[%emt 0:00:43]} 43. Kg2 {[%emt 0:00:08]} Re6 {[%emt 0:01:49]} 44. Qc8+ {[%emt 0:00:28]} Kg7 {[%emt 0:05:57]} 45. Rb2 {[%emt 0:04:14]} Ba6 {[%emt 0:00:06]} 46. Qc2 {[%emt 0:01:07]} d4 {[%emt 0:00:53]} 47. Qd2 {[%emt 0:00:57]} Qe5 {[%emt 0:01:06]} 48. Qf4 {[%emt 0:01:24]} Qd5 {[%emt 0:08:41]} 49. Qg4+ {[%emt 0:04:21]} Kh6 {[%emt 0:00:24]} 50. Rd2 {[%emt 0:04:39]} Rd6 {[%emt 0:00:57]} 51. Qf4+ {[%emt 0:02:05]} Kg7 {[%emt 0:00:33]} 52. Qg4+ {[%emt 0:06:53]} Kh6 {[%emt 0:00:13]} 53. Rb2 {[%emt 0:00:24]} Re6 {[%emt 0:01:32]} 54. Qf4+ {[%emt 0:00:31]} Kg7 {[%emt 0:00:21]} 55. Qd2 {[%emt 0:00:07]} Re3 {[%emt 0:05:24]} 56. Rb4 {[%emt 0:01:23]} Bc4 {[%emt 0:00:04]} 57. Qc2 {[%emt 0:02:50]} Rc3 {[%emt 0:00:20]} 58. Qe4 {[%emt 0:00:18]} Qxe4 {[%emt 0:03:03]} 59. fxe4 {[%emt 0:00:20]} Rc2 {[%emt 0:00:02]} 60. Kf3 {[%emt 0:00:10]} Rc3+ {[%emt 0:00:43]} 61. Kf2 {[%emt 0:01:43]} Rc2 {[%emt 0:00:05]} 62. Ke1 {[%emt 0:00:25]} Rc1+ {[%emt 0:01:33]} 63. Kd2 {[%emt 0:00:12]} Rc3 {[%emt 0:01:15]} 64. Bg2 {[%emt 0:00:37]} Kf8 {[%emt 0:00:35]} 65. e3 {[%emt 0:00:12]} Rd3+ {[%emt 0:00:19]} 66. Kc1 {[%emt 0:02:45]} dxe3 {[%emt 0:00:39]} 67. Bf1 {[%emt 0:01:02]} Rd2 {[%emt 0:01:09]} 68. Bxc4 {[%emt 0:00:26]} Rxh2 {[%emt 0:00:12]} 69. Rb2 {[%emt 0:00:08]} Rh1+ {[%emt 0:00:28]} 70. Kc2 {[%emt 0:00:05]} Rg1 {[%emt 0:00:27]} 71. Be2 {[%emt 0:00:27]} Rxg3 {[%emt 0:00:21]} 72. a5 {[%emt 0:00:06]} Ke7 {[%emt 0:00:14]} 73. a6 {[%emt 0:00:08]} Rg1 {[%emt 0:00:37]} 74. Ra2 {[%emt 0:00:14]} Rg8 {[%emt 0:00:15]} 75. a7 {[%emt 0:00:53]} Ra8 {[%emt 0:00:11]} 76. Bc4 {[%emt 0:00:05]} f5 {[%emt 0:00:48]} 77. Bd5 {[%emt 0:00:09]} Rc8+ {[%emt 0:00:38]} 78. Kd3 {[%emt 0:00:08]} fxe4+ {[%emt 0:00:54]} 79. Kxe3 {[%emt 0:00:11]} Kd6 {[%emt 0:00:51]} 80. a8=Q {[%emt 0:00:10]} Rxa8 {[%emt 0:00:27]} 81. Bxa8 {[%emt 0:01:03] Kd5 Kxe4+} 1-0

[Event "46th GRE-chT Premier 2018"]
[Site "Rio Achaia"]
[Date "2018.07.11"]
[Round "2"]
[White "Tomici, Stefan"]
[Black "Theodorou, Nikolas"]
[Result "0-1"]
[WhiteElo "2369"]
[BlackElo "2513"]
[Annotator "TA"]
[PlyCount "66"]
[EventDate "2018.07.10"]
[EventType "team-tourn"]
[EventCountry "GRE"]
[SourceTitle "playchess.com"]
[Source "ChessBase"]
[SourceQuality "1"]

{[%evp 28,66,0,0,0,-2,24,-10,-4,-19,0,-52,-55,-114,-110,-112,-98,-116,-74,-74,-64,-108,-41,-116,-102,-124,-140,-312,-290,-2813,-397,-379,-388,-1562,-1550,-1366,-1277,-29997,-29998,-29998,-29999]} 1. e4 e5 2. Nf3 Nc6 3. Bc4 Bc5 4. c3 {[%cal Bc2c3,Bc3d4][%mdl 32]} Nf6 5. d4 exd4 6. cxd4 Bb4+ 7. Bd2 Nxe4 8. Bxb4 Nxb4 9. Bxf7+ Kxf7 10. Qb3+ d5 11. Qxb4 Rf8 {C54: Giuoco Piano: 4 c3 Nf6, main lines with 5 d4 and 5 d3} 12. O-O (12. Nc3 Kg8 13. Nxe4 dxe4 14. Ne5 Be6 15. O-O Qd6 16. Qc3 Rad8 17. Rfd1 Rf5 18. Qc2 Rdf8 19. Rd2 {0-1 (43) Petrov,M (2475)-Goganov,A (2635) Sweden 2017}) 12... Kg8 13. Nbd2 a5 14. Qb3 Nxd2 15. Nxd2 {LiveBook: 3 Games} a4 16. Qe3 Ra6 $146 ({Predecessor:} 16... Bg4 17. Rfe1 Qf6 18. f3 Rae8 19. Qc3 {½-½ (35) Petukhov,V (2150)-Richter,W (2209) ICCF email 2014}) 17. Rfe1 Re6 18. Qc3 Rg6 19. Nf1 (19. Re2 $11) 19... Qf6 $15 20. Qe3 ({Better is} 20. Qd2 $15) 20... h5 $1 $17 {[%cal Bh7h5,Bh5h4,Bh4h3][%mdl 32]} 21. Rac1 {[#]} c6 $1 $40 {[%mdl 128] Black goes for the king.} 22. Rc3 h4 23. f3 Bd7 24. Qd2 Rg5 (24... c5 $17 25. Ne3 h3) 25. Kh1 {[#]} ({White should play} 25. b4 $15) 25... Rg4 $1 {[%mdl 512]} 26. Rd3 {[#]} (26. fxg4 Qxf1+) 26... h3 $1 {[%cal Rh3g2][%mdl 512]} 27. g3 $2 (27. Ng3 $17 {keeps fighting.} hxg2+ 28. Qxg2) (27. gxh3 Rf4) 27... Bf5 $19 28. fxg4 $2 (28. Rde3 Be4 29. Kg1 Bxf3 30. Re8) 28... Be4+ $2 (28... Bxd3 29. Qf4 Qg6) 29. Kg1 Bxd3 30. Ne3 $2 (30. Qf4 Qxf4 31. gxf4) 30... Qf3 31. Nf5 Be4 {( -> ...Qh1+)} 32. Re2 Qh1+ 33. Kf2 Qg2+ {Precision: White =  9%, Black = 68%.} 0-1

[Event "46th GRE-chT Premier 2018"]
[Site "Rio Achaia"]
[Date "2018.07.11"]
[Round "2"]
[White "Videnova, Iva"]
[Black "Botsari, Anna-Maria"]
[Result "1/2-1/2"]
[WhiteElo "2369"]
[BlackElo "2284"]
[Annotator "NA"]
[PlyCount "67"]
[EventDate "2018.07.10"]
[EventType "team-tourn"]
[EventCountry "GRE"]
[SourceTitle "playchess.com"]
[Source "ChessBase"]
[SourceQuality "1"]
[TimeControl "40/5400+30:1800+30"]

1. e4 {[%emt 0:00:25]} c5 {[%emt 0:00:25]} 2. Nf3 {[%emt 0:00:07]} e6 {[%emt 0:00:03]} 3. d4 {[%emt 0:00:06]} cxd4 {[%emt 0:00:22]} 4. Nxd4 {[%emt 0:00:09]} Nc6 {[%emt 0:00:01]} 5. Nc3 {[%emt 0:00:11]} Qc7 {[%emt 0:00:03]} 6. Be3 {[%emt 0:00:10]} a6 {[%emt 0:00:37]} 7. Qf3 {[%emt 0:00:10]} Nf6 {[%emt 0:00:44]} 8. O-O-O {[%emt 0:00:38]} h5 {[%emt 0:01:19]} 9. h3 {[%emt 0:04:08]} Ne5 {[%emt 0:11:47]} 10. Qe2 {[%emt 0:13:22]} Ng6 {[%emt 0:15:28]} 11. g3 b5 {[%emt 0:02:46]} 12. Bg2 {[%emt 0:09:27]} Bb7 {[%emt 0:10:32]} 13. Bg5 {[%emt 0:12:30]} Be7 {[%emt 0:00:30]} 14. f4 b4 {[%emt 0:03:53]} 15. Na4 {[%emt 0:05:54]} h4 {[%emt 0:14:42]} 16. Nf5 Qc6 {[%emt 0:24:15]} 17. Nxe7 {[%emt 0:26:54]} Nxe7 18. Bxf6 {[%emt 0:02:17]} gxf6 {[%emt 0:00:51]} 19. b3 {[%emt 0:00:11]} hxg3 {[%emt 0:04:49]} 20. Qe3 {[%emt 0:03:54]} Qc7 {[%emt 0:01:35]} 21. Nb6 {[%emt 0:02:25]} Rd8 {[%emt 0:00:24]} 22. Rd2 {[%emt 0:02:01]} Bc6 {[%emt 0:03:17]} 23. Rhd1 {[%emt 0:01:49]} Rh4 {[%emt 0:00:35]} 24. Rd6 Ng6 {[%emt 0:00:00]} 25. f5 {[%emt 0:12:30]} Nf4 {[%emt 0:01:23]} 26. Kb1 {[%emt 0:00:49]} Nxg2 {[%emt 0:00:19]} 27. Qxg3 Qxb6 {[%emt 0:00:57]} 28. fxe6 {[%emt 0:01:44]} fxe6 29. Qg8+ {[%emt 0:01:01]} Ke7 {[%emt 0:00:34]} 30. Qg7+ {[%emt 0:00:09]} Ke8 {[%emt 0:00:02]} 31. Qg6+ {[%emt 0:00:59]} Ke7 {[%emt 0:00:05]} 32. Qg7+ {[%emt 0:00:04]} Ke8 33. Qg6+ {[%emt 0:01:47]} Ke7 {[%emt 0:00:09]} 34. Qg7+ 1/2-1/2

[Event "46th GRE-chT Premier 2018"]
[Site "Rio Achaia"]
[Date "2018.07.11"]
[Round "2"]
[White "Lekic, Dusan"]
[Black "Bednarek, Sylwester"]
[Result "1-0"]
[WhiteElo "2356"]
[BlackElo "2307"]
[Annotator "NA"]
[PlyCount "133"]
[EventDate "2018.07.10"]
[EventType "team-tourn"]
[EventCountry "GRE"]
[SourceTitle "playchess.com"]
[Source "ChessBase"]
[SourceQuality "1"]
[TimeControl "40/5400+30:1800+30"]

1. d4 {[%emt 0:02:34]} Nf6 {[%emt 0:00:00]} 2. c4 {[%emt 0:00:31]} c5 {[%emt 0:00:00]} 3. d5 {[%emt 0:00:37]} e6 {[%emt 0:00:05]} 4. Nc3 {[%emt 0:01:01]} exd5 {[%emt 0:00:10]} 5. cxd5 {[%emt 0:00:07]} d6 {[%emt 0:00:02]} 6. Nf3 {[%emt 0:00:35]} g6 {[%emt 0:00:10]} 7. Bf4 {[%emt 0:00:39]} a6 {[%emt 0:00:56]} 8. a4 {[%emt 0:00:22]} Bg7 {[%emt 0:07:21]} 9. h3 {[%emt 0:00:28]} O-O {[%emt 0:00:07]} 10. e3 {[%emt 0:00:38]} Qe7 {[%emt 0:00:13]} 11. Bd3 {[%emt 0:02:40]} Nbd7 {[%emt 0:00:14]} 12. O-O {[%emt 0:05:21]} b6 {[%emt 0:11:48]} 13. Bh2 {[%emt 0:05:08]} Ne8 {[%emt 0:00:25]} 14. e4 {[%emt 0:01:15]} g5 {[%emt 0:04:31]} 15. Qd2 {[%emt 0:07:33]} h6 {[%emt 0:01:43]} 16. Rab1 {[%emt 0:05:58]} Kh8 {[%emt 0:11:00]} 17. b4 {[%emt 0:05:04]} Rg8 {[%emt 0:00:13]} 18. bxc5 {[%emt 0:00:37]} bxc5 {[%emt 0:00:33]} 19. a5 {[%emt 0:08:22]} Nef6 {[%emt 0:17:59]} 20. Rfe1 {[%emt 0:10:01]} Nh5 {[%emt 0:06:01]} 21. Na4 {[%emt 0:05:08]} Ne5 {[%emt 0:07:37]} 22. Nxe5 {[%emt 0:01:32]} Bxe5 {[%emt 0:00:03]} 23. Bxe5+ {[%emt 0:00:23]} Qxe5 {[%emt 0:00:02]} 24. Qb2 {[%emt 0:02:03]} Qxb2 {[%emt 0:00:55]} 25. Rxb2 {[%emt 0:01:02]} Nf4 {[%emt 0:00:11]} 26. Bf1 {[%emt 0:00:16]} g4 {[%emt 0:03:01]} 27. Kh2 {[%emt 0:01:30]} h5 {[%emt 0:21:39]} 28. Rb6 {[%emt 0:05:32]} gxh3 {[%emt 0:01:42]} 29. g3 {[%emt 0:01:55]} Ng6 {[%emt 0:00:00]} 30. Be2 {[%emt 0:05:23]} Ne5 {[%emt 0:05:03]} 31. Rxd6 {[%emt 0:00:36]} h4 {[%emt 0:00:59]} 32. Rh6+ {[%emt 0:01:10]} Kg7 {[%emt 0:00:01]} 33. Rxh4 {[%emt 0:00:09]} c4 {[%emt 0:00:40]} 34. Nb6 {[%emt 0:00:43]} Ra7 {[%emt 0:00:09]} 35. Nxc4 {[%emt 0:01:56]} Ng6 {[%emt 0:00:01]} 36. Rh5 {[%emt 0:00:35]} Rc7 {[%emt 0:00:01]} 37. f4 {[%emt 0:02:50]} f6 {[%emt 0:00:35]} 38. f5 {[%emt 0:00:48]} Rxc4 {[%emt 0:00:24]} 39. Bxc4 {[%emt 0:00:35]} Ne5 {[%emt 0:00:01]} 40. Be2 {[%emt 0:00:00]} Bd7 {[%emt 0:00:00]} 41. Kxh3 {[%emt 0:09:57]} Rc8 {[%emt 0:01:01]} 42. Bxa6 {[%emt 0:01:29]} Ra8 {[%emt 0:00:11]} 43. Bf1 {[%emt 0:01:12]} Rxa5 {[%emt 0:00:03]} 44. Bg2 {[%emt 0:02:28]} Ra3 {[%emt 0:00:59]} 45. Rh4 {[%emt 0:01:19]} Nf7 {[%emt 0:03:13]} 46. Rg4+ {[%emt 0:00:34]} Kf8 {[%emt 0:00:10]} 47. Rg6 {[%emt 0:00:56]} Ra6 {[%emt 0:00:36]} 48. Rb1 {[%emt 0:01:32]} Ne5 {[%emt 0:00:34]} 49. Rb8+ {[%emt 0:00:17]} Kf7 {[%emt 0:00:01]} 50. Rh6 {[%emt 0:00:58]} Ke7 {[%emt 0:01:47]} 51. Rh7+ {[%emt 0:02:02]} Kd6 {[%emt 0:00:02]} 52. Rf8 {[%emt 0:00:23]} Kc5 {[%emt 0:00:19]} 53. Re7 {[%emt 0:03:36]} Kd4 {[%emt 0:00:51]} 54. Rxe5 {[%emt 0:00:31]} Kxe5 {[%emt 0:00:20]} 55. Rf7 {[%emt 0:00:25]} Bb5 {[%emt 0:03:39]} 56. Re7+ {[%emt 0:00:29]} Kd4 {[%emt 0:00:02]} 57. Re6 {[%emt 0:00:22]} Ra8 {[%emt 0:00:32]} 58. Rxf6 {[%emt 0:00:46]} Rh8+ {[%emt 0:06:08]} 59. Kg4 {[%emt 0:00:07]} Ke3 {[%emt 0:00:59]} 60. Rb6 {[%emt 0:02:49]} Be2+ {[%emt 0:01:54]} 61. Kg5 {[%emt 0:00:28]} Rh2 {[%emt 0:00:02]} 62. Rb3+ {[%emt 0:00:45]} Kf2 {[%emt 0:03:25]} 63. d6 {[%emt 0:01:23]} Kxg2 {[%emt 0:00:39]} 64. d7 {[%emt 0:00:09]} Rh8 {[%emt 0:00:10]} 65. e5 {[%emt 0:00:24]} Rg8+ {[%emt 0:07:36]} 66. Kf6 {[%emt 0:00:15]} Bg4 {[%emt 0:00:04]} 67. e6 {[%emt 0:00:36]} 1-0

[Event "46th GRE-chT Premier 2018"]
[Site "Rio Achaia"]
[Date "2018.07.11"]
[Round "2"]
[White "Galopoulos, Nikolaos"]
[Black "Giannoulakis, Lampros"]
[Result "1/2-1/2"]
[WhiteElo "2351"]
[BlackElo "2287"]
[Annotator "NA"]
[PlyCount "91"]
[EventDate "2018.07.10"]
[EventType "team-tourn"]
[EventCountry "GRE"]
[SourceTitle "playchess.com"]
[Source "ChessBase"]
[SourceQuality "1"]
[TimeControl "40/5400+30:1800+30"]

1. e4 {[%emt 0:00:00]} c5 {[%emt 0:00:00]} 2. Nc3 {[%emt 0:00:00]} d6 {[%emt 0:00:59]} 3. d4 {[%emt 0:00:00]} cxd4 {[%emt 0:00:42]} 4. Qxd4 {[%emt 0:00:00]} Nc6 {[%emt 0:00:22]} 5. Qd2 {[%emt 0:00:01]} Nf6 {[%emt 0:00:36]} 6. b3 {[%emt 0:00:06]} e6 7. Bb2 {[%emt 0:00:06]} Be7 {[%emt 0:09:51]} 8. O-O-O {[%emt 0:00:30]} O-O {[%emt 0:00:33]} 9. f4 {[%emt 0:05:11]} a6 {[%emt 0:01:08]} 10. Nf3 {[%emt 0:00:15]} b5 {[%emt 0:04:20]} 11. g4 {[%emt 0:20:10]} b4 {[%emt 0:09:20]} 12. g5 {[%emt 0:00:18]} bxc3 {[%emt 0:17:28]} 13. Qxc3 {[%emt 0:00:06]} Qb6 {[%emt 0:07:56]} 14. gxf6 {[%emt 0:00:39]} Bxf6 {[%emt 0:00:06]} 15. Qe1 {[%emt 0:03:14]} Bxb2+ {[%emt 0:01:04]} 16. Kxb2 {[%emt 0:00:01]} a5 {[%emt 0:08:10]} 17. Rxd6 {[%emt 0:09:57]} Qc5 {[%emt 0:00:59]} 18. Rd3 {[%emt 0:03:00]} Bb7 {[%emt 0:06:15]} 19. Rc3 {[%emt 0:09:13]} Qe7 {[%emt 0:06:18]} 20. a4 {[%emt 0:03:42]} Rac8 {[%emt 0:00:56]} 21. Rg1 {[%emt 0:00:58]} Nb4 {[%emt 0:07:07]} 22. Bc4 {[%emt 0:00:57]} Qf6 {[%emt 0:00:59]} 23. Qe3 {[%emt 0:01:23]} Rc7 {[%emt 0:04:38]} 24. Ne5 {[%emt 0:02:39]} Rfc8 {[%emt 0:00:11]} 25. Ng4 {[%emt 0:07:23]} Qe7 {[%emt 0:02:09]} 26. Qd4 {[%emt 0:00:22]} Kf8 {[%emt 0:01:17]} 27. Rh3 {[%emt 0:01:11]} Qc5 {[%emt 0:05:34]} 28. Qxc5+ {[%emt 0:03:26]} Rxc5 {[%emt 0:00:03]} 29. Ne5 {[%emt 0:00:05]} Bxe4 {[%emt 0:03:29]} 30. Nd7+ {[%emt 0:00:09]} Ke7 {[%emt 0:00:37]} 31. Nxc5 {[%emt 0:00:08]} Rxc5 {[%emt 0:00:02]} 32. c3 {[%emt 0:01:26]} Nd5 {[%emt 0:00:12]} 33. Bxd5 {[%emt 0:01:02]} Rxd5 {[%emt 0:00:04]} 34. Rxg7 {[%emt 0:01:27]} Rd2+ {[%emt 0:00:54]} 35. Ka3 {[%emt 0:00:20]} Rf2 {[%emt 0:01:00]} 36. Rg5 {[%emt 0:01:05]} Bf5 {[%emt 0:01:15]} 37. Rxf5 {[%emt 0:01:09]} exf5 {[%emt 0:00:04]} 38. Re3+ {[%emt 0:00:16]} Kd6 {[%emt 0:00:07]} 39. Re5 {[%emt 0:00:05]} Rxf4 {[%emt 0:00:49]} 40. Rxa5 {[%emt 0:00:00]} Rf1 {[%emt 0:00:00]} 41. Kb4 {[%emt 0:02:19]} f4 {[%emt 0:00:40]} 42. Rh5 {[%emt 0:01:51]} f3 {[%emt 0:00:21]} 43. Kc4 {[%emt 0:10:17]} Ke6 {[%emt 0:08:24]} 44. Rh3 {[%emt 0:10:00]} Kf5 {[%emt 0:12:07]} 45. Kd3 {[%emt 0:02:47]} Kg4 {[%emt 0:00:50]} 46. Kd4 1/2-1/2

[Event "46th GRE-chT Premier 2018"]
[Site "Rio Achaia"]
[Date "2018.07.11"]
[Round "2"]
[White "Kalogeris, Ioannis"]
[Black "Kontopanagos, Ioannis"]
[Result "1-0"]
[WhiteElo "2339"]
[BlackElo "1440"]
[Annotator "NA"]
[PlyCount "76"]
[EventDate "2018.07.10"]
[EventType "team-tourn"]
[EventCountry "GRE"]
[SourceTitle "playchess.com"]
[Source "ChessBase"]
[SourceQuality "1"]
[TimeControl "40/5400+30:1800+30"]

1. e4 {[%emt 0:04:11]} c5 {[%emt 0:00:00]} 2. Nf3 {[%emt 0:00:07]} d6 {[%emt 0:00:00]} 3. g3 {[%emt 0:00:28]} Nf6 {[%emt 0:00:24]} 4. Nc3 {[%emt 0:00:17]} e6 {[%emt 0:01:06]} 5. Bg2 {[%emt 0:00:13]} Be7 {[%emt 0:00:35]} 6. O-O {[%emt 0:00:14]} O-O {[%emt 0:00:41]} 7. d4 {[%emt 0:02:46]} cxd4 {[%emt 0:00:46]} 8. Nxd4 {[%emt 0:00:12]} a6 {[%emt 0:00:38]} 9. a4 {[%emt 0:00:35]} Qc7 {[%emt 0:04:45]} 10. a5 {[%emt 0:01:36]} Bd7 {[%emt 0:02:52]} 11. Be3 {[%emt 0:04:56]} Bc6 {[%emt 0:07:28]} 12. Qe2 {[%emt 0:03:20]} Nbd7 {[%emt 0:09:37]} 13. f4 {[%emt 0:04:53]} Rfd8 {[%emt 0:15:53]} 14. Nxc6 {[%emt 0:03:07]} bxc6 {[%emt 0:04:11]} 15. Na4 {[%emt 0:00:37]} c5 {[%emt 0:04:29]} 16. Bd2 {[%emt 0:08:44]} Ra7 {[%emt 0:04:06]} 17. Rae1 {[%emt 0:21:52]} Ne8 {[%emt 0:10:30]} 18. Bc3 {[%emt 0:07:14]} Bf8 {[%emt 0:07:00]} 19. f5 {[%emt 0:00:19]} exf5 {[%emt 0:05:57]} 20. exf5 {[%emt 0:06:30]} Ndf6 {[%emt 0:06:44]} 21. Nb6 {[%emt 0:00:52]} Rb8 {[%emt 0:04:41]} 22. b3 {[%emt 0:02:30]} Qd8 {[%emt 0:01:24]} 23. Bc6 {[%emt 0:05:38]} Nc7 {[%emt 0:04:08]} 24. Kg2 {[%emt 0:02:55]} Nfe8 {[%emt 0:02:39]} 25. Nd7 {[%emt 0:00:43]} Rc8 {[%emt 0:00:50]} 26. f6 {[%emt 0:00:12]} Ne6 {[%emt 0:00:25]} 27. Nxf8 {[%emt 0:00:31]} Kxf8 {[%emt 0:00:20]} 28. fxg7+ {[%emt 0:00:16]} N8xg7 {[%emt 0:00:39]} 29. Bd5 {[%emt 0:00:47]} Kg8 {[%emt 0:01:00]} 30. Rf6 {[%emt 0:03:19]} Qe8 {[%emt 0:00:41]} 31. Qd3 {[%emt 0:00:54]} Re7 {[%emt 0:00:28]} 32. Rh6 {[%emt 0:00:59]} Nf8 {[%emt 0:00:24]} 33. Rf1 {[%emt 0:01:34]} Rcc7 {[%emt 0:00:35]} 34. Rxd6 {[%emt 0:00:31]} Re2+ {[%emt 0:00:31]} 35. Kh1 {[%emt 0:00:14]} Rce7 {[%emt 0:00:08]} 36. Rdf6 {[%emt 0:00:58]} R2e3 {[%emt 0:00:46]} 37. Rxf7 {[%emt 0:00:58]} Rxf7 {[%emt 0:00:35]} 38. Rxf7 {[%emt 0:00:32]} Rxd3 1-0